Message from the President of the United States, communicating, in compliance with a resolution of the Senate of the 8th instant, information in relation to correspondence between the Department of State and the Hon. Lewis D. Campbell, late minister of the United States to Mexico.

Bibliographic Details
Corporate Authors: United States. Department of State, ProQuest (Firm)
Format: eBook
Language:English
Published: Washington : [publisher not identified], 1867.
Series:United States congressional serial set.
Subjects:
Online Access:Connect to the full text of this electronic book

MARC

Tag First Indicator Second Indicator Subfields
LEADER 00000cam a22000001a 4500
001 in00002920003
005 20190401171139.0
006 m o d
007 cr un mmmapmmp
008 060818s1867 dcu o f000 0 eng d
035 |a cis2004000280 
040 |a UMI  |c UMI  |d UtOrBLW 
043 |a n-us--- 
099 |a ProQuest Serial Set Number 1308 S.exdoc.15 
110 1 |a United States.  |b Department of State. 
245 1 0 |a Message from the President of the United States, communicating, in compliance with a resolution of the Senate of the 8th instant, information in relation to correspondence between the Department of State and the Hon. Lewis D. Campbell, late minister of the United States to Mexico. 
246 1 |a Message of President communicating information on correspondence between Department of State and Hon. Lewis D. Campbell, late minister to Mexico 
264 1 |a Washington :  |b [publisher not identified],  |c 1867. 
300 |a 1 online resource. 
336 |a text  |b txt  |2 rdacontent 
337 |a computer  |b c  |2 rdamedia 
338 |a online resource  |b cr  |2 rdacarrier 
490 0 |a S.exdoc.15 
500 |a Record is based on bibliographic data in ProQuest U.S. Serial Set Digital Collection (last viewed Aug. 2006). Reuse except for individual research requires license from ProQuest, LLC. 
510 3 |a ProQuest U.S. Serial Set Digital Collection 
500 |a Electronic resource. 
650 0 |a Presidents  |v Messages. 
651 0 |a Mexico. 
655 7 |a Electronic books.  |2 local 
710 2 |a ProQuest (Firm) 
830 0 |a United States congressional serial set. 
856 4 0 |u http://proxy.library.tamu.edu/login?url=http://congressional.proquest.com/congcomp/getdoc?SERIAL-SET-ID=1308+S.exdoc.15  |z Connect to the full text of this electronic book  |t 0 
999 |a MARS 
999 f f |s a3525b74-2b15-39bd-9597-463a00d7c31f  |i e6f7fb6c-7aef-38b7-95da-2e49dab09390  |t 0 
952 f f |a Texas A&M University  |b College Station  |c Electronic Resources  |d Available Online  |t 0  |e ProQuest Serial Set Number 1308 S.exdoc.15  |h Other scheme 
998 f f |a ProQuest Serial Set Number 1308 S.exdoc.15  |t 0  |l Available Online